Culture G commençant par X - Statistiques

Statistiques générales
  • Ce quiz a été pris 151 fois
  • Le résultat moyen est 7 sur 15
Statistiques - réponses
Questions Réponse % Correct
Instrument de musique Xylophone
95%
Numéro 1 mondial en tennis de table en 2019 Xu Xin
94%
Peur des étrangers Xénophobie
91%
François _ _ _ _ _ _ Demaison Xavier
88%
Anxiolytique contre l'anxiété Xanax
65%
Vin andalous Xeres
65%
Entreprise vendant le Redmi Xiaomi
63%
Élement atomique numéro 54 Xénon
44%
Ville la plus peuplée du monde par cette lettre Xian
35%
Modèle de smartphone Sony Xperia
26%
Appendice cartilagineux qui termine l’extrémité inférieure du sternum Xiphoïde
6%
Capitale de la province du Qinghai en chine Xining
1%
Ville du Jiangsu jumelée avec Saint-Etienne Xuzhou
1%
Sucre présent dans tous les vins Xylose
1%
Adjectif singulier invariant en genre Xanthique
0%
Aucun quiz correspondant
Distribution des résultats
% des personnes avec chaque résultat
Percentile par nombre de réponses
Votre historique - résultats
Vous n’avez pas pris ce quiz